Carbohydrate biotechnology protocols /

Bibliographic Details
Corporate Author: NetLibrary, Inc
Other Authors: Bucke, C.
Format: eBook
Language:English
Published: Totowa, N.J. : Humana Press, [1999]
Series:Methods in biotechnology ; 10.
Subjects:
Online Access:Connect to the full text of this electronic book

MARC

Tag First Indicator Second Indicator Subfields
LEADER 00000cam a2200000La 4500
001 in00001575615
005 20220103181707.0
006 m u
007 cr cn-
008 001009s1999 njua sbif 000 0 eng d
010 |z  98048663  
020 |a 0585241031 (electronic bk.) :  |c $89.50 
020 |z 0896035638 (alk. paper) 
035 |a (OCoLC)ocm45729278 
040 |a N$T  |c N$T  |d OCL  |d UtOrBLW 
049 |a IKMN 
050 1 4 |a TP248.65.P64  |b C37 1999eb 
082 0 4 |a 660.6/3  |2 21 
245 0 0 |a Carbohydrate biotechnology protocols /  |c edited by Christopher Bucke. 
264 1 |a Totowa, N.J. :  |b Humana Press,  |c [1999] 
264 4 |c ©1999 
300 |a xii, 337 pages :  |b illustrations ;  |c 24 cm. 
336 |a text  |b txt  |2 rdacontent 
337 |a computer  |b c  |2 rdamedia 
338 |a online resource  |b cr  |2 rdacarrier 
490 1 |a Methods in biotechnology ;  |v 10 
504 |a Includes bibliographical references and index. 
533 |a Electronic reproduction.  |b Boulder, Colo. :  |c NetLibrary,  |d 2000.  |n Available via World Wide Web.  |n Access may be limited to NetLibrary affiliated libraries.  |n This netLibrary eBook does not include some or all of the images that were part of the original hardcopy book. 
500 |a Electronic resource. 
650 0 |a Carbohydrates  |x Biotechnology  |v Laboratory manuals.  |0 http://id.loc.gov/authorities/subjects/sh2010002497 
655 7 |a Electronic books.  |2 local 
700 1 |a Bucke, C.  |0 http://id.loc.gov/authorities/names/n88200899 
710 2 |a NetLibrary, Inc.  |0 http://id.loc.gov/authorities/names/no99080690 
776 1 |c Original  |w (DLC) 98048663  |w (OCoLC)40200509 
830 0 |a Methods in biotechnology ;  |v 10.  |0 http://id.loc.gov/authorities/names/n88538382 
856 4 1 |u https://proxy.library.tamu.edu/login?url=http://www.netLibrary.com/urlapi.asp?action=summary&v=1&bookid=28014  |z Connect to the full text of this electronic book  |t 0 
994 |a 92  |b IKM 
999 |a MARS 
999 f f |s e2ed13cb-82d4-3d64-aad7-698c30f05f5e  |i 00669ed6-cdd0-3b84-ab80-6cc6e0ff5586  |t 0 
952 f f |a Texas A&M University  |b College Station  |c Electronic Resources  |d Available Online  |t 0  |e TP248.65.P64 C37 1999eb  |h Library of Congress classification 
998 f f |a TP248.65.P64 C37 1999eb  |t 0  |l Available Online